01022nam a22002297a 45000010005000000030006000050050017000110080041000280400035000690500009001040820011001131000016001242450057001402600042001973000047002395050007002865200360002935210029006535210018006826500061007006500031007618497FISKH20260324092017.0250916b cb ||||| |||| 00| 0 eng d aFISKHbengcFISKHdFISKH813.54 aPZ7  a813.54 aBrett, Jan  aGood Luck Sneakers cstory and pictures by Jan Brett aBoston : bHoughton Mifflin, c1981.  a24 pages : bcolor illustrations ; c24 cm aK  aThis story tells about a pair of sneakers believed to bring good luck to their owner. The tale follows the adventures and small challenges that come with the sneakers, showing how luck, determination, and attitude can shape what happens. With Jan Brett’s signature illustrations, the book highlights themes of trying your best and believing in yourself.8 a510 bLexile estimate 8 aK bRaz-Plus  aLuck vJuvenile FictionxBelief in selfyDetermination;  aFriendship vPicture Book